| 000 | 00550nam a22001817a 4500 | ||
|---|---|---|---|
| 003 | BD-DhUL | ||
| 005 | 20190721152523.0 | ||
| 008 | 190721snd. ii ||||| |||| 00| 0 urd d | ||
| 040 |
_aBD-DhUL _cBD-DhUL |
||
| 082 |
_a891.431 _bJAS |
||
| 100 | 0 | _aجگن ناتھ آزاد | |
| 245 | 1 | 0 |
_aستاروں سے وروں تک / _cجگن ناتھ آزاد |
| 260 |
_aدہلی : _bمکتبۃ شابراہ، _c۔ |
||
| 300 |
_aص۔ مختلف صفہ، ۱۹۲ ؛ _c۱۹ سم۔ |
||
| 650 | 4 | _aUrdu poetry | |
| 700 | _aظافر علی خں | ||
| 942 |
_2ddc _cBK |
||
| 999 |
_c248915 _d248915 |
||